Charakteristika rozvoja hydinárskeho priemyslu vo Východoslovenskom kraji záverečná práca postgraduálneho štúdia

Salvato in:
Dettagli Bibliografici
Autore principale: Farbaky, Michal
Ente Autore: Vysoká škola ekonomická v Bratislave
Altri autori: Strinková, Viera
Natura: Libro
Lingua:slovacco
Pubblicazione: Bratislava 1988
Tags: Aggiungi Tag
Nessun Tag, puoi essere il primo ad aggiungerne!!

MARC

LEADER 00000nam a2200000 4500
001 c031404
005 20230116095044.4
041 0 |a slo 
044 |a SK 
245 1 0 |a Charakteristika rozvoja hydinárskeho priemyslu vo Východoslovenskom kraji  |b záverečná práca postgraduálneho štúdia  |c Michal Farbaky ; Ved. práce Viera Strinková 
264 1 |a Bratislava  |c 1988 
300 |a 41 s. 
100 1 |a Farbaky, Michal 
700 1 |a Strinková, Viera 
710 2 |a Vysoká škola ekonomická v Bratislave